Städte in der EU mit U-Bahn - Statistiken

Allgemein
  • Dieses Quiz wurde 278 mal gespielt
    173 seit der letzten Aktualisierung
  • Das Durchschnittsergebnis liegt bei 31 aus 39
Antwortstatistiken
Land Stadt % Korrekt
Deutschland Berlin
99%
Deutschland Hamburg
99%
Dänemark Kopenhagen
99%
Deutschland München
99%
Frankreich Paris
99%
Belgien Brüssel
98%
Italien Rom
98%
Spanien Barcelona
97%
Finnland Helsinki
97%
Spanien Madrid
97%
Italien Mailand
96%
Polen Warschau
96%
Niederlande Amsterdam
95%
Portugal Lissabon
95%
Österreich Wien
95%
Ungarn Budapest
94%
Griechenland Athen
93%
Rumänien Bukarest
93%
Frankreich Marseille
93%
Tschechien Prag
93%
Bulgarien Sofia
93%
Schweden Stockholm
93%
Frankreich Lyon
90%
Niederlande Rotterdam
86%
Italien Neapel
84%
Spanien Sevilla
79%
Italien Turin
79%
Spanien Valencia
79%
Deutschland Nürnberg
75%
Spanien Bilbao
64%
Griechenland Thessaloniki
60%
Frankreich Lille
59%
Frankreich Toulouse
58%
Italien Genua
55%
Spanien Malaga
50%
Frankreich Rennes
40%
Spanien Palma
23%
Italien Catania
21%
Italien Brescia
16%
Keine übereinstimmenden Quizze gefunden
Verteilung der Resultate
Anzahl Personen mit jedem Resultat
Perzentil nach korrekt beantworteten Fragen
Ihre Resultats-Entwicklung
Sie haben dieses Quiz seit der letzten Aktualisierung nicht gespielt